By the Way, Can You Name All Five Nights At Freddy's songs by TryHardNinja? - Statistics

General Stats
  • This quiz has been taken 109 times
  • The average score is 2 of 18
Answer Stats
Song % Correct
It's Me
60%
Follow Me
45%
Dance To Forget
13%
Circus of the Dead
9%
Daddy's Little Monsters
8%
Welcome Back
6%
Bringing Us Home
4%
Dream Your Dream
4%
Goodbye
4%
Just An Attraction
4%
The Puppet Song
4%
Halloween At Freddy's
2%
Turn Back
2%
Don't Let Them See You
0%
Five Night's of Freddy's Song
0%
I Got No Body
0%
Look At Me Now
0%
Lots of Fun
0%
No matching quizzes found
Score Distribution
Percent of People with Each Score
Percentile by Number Answered
Your Score History
You have not taken this quiz